| 000 | 01245nam a22003611i 4500 | ||
|---|---|---|---|
| 001 | 016046401 | ||
| 003 | EG-ScBUE | ||
| 005 | 20240305113212.0 | ||
| 008 | 121025t2024 n a f bd 001 0 eng d | ||
| 020 | _a9781266177682 | ||
| 020 | _a126617768X | ||
| 040 |
_aIiNdDKA _beng _erda _cIiNdDKA _dEG-ScBUE |
||
| 082 | 0 | 4 |
_a150.72 _222 _bCOZ |
| 100 | 1 |
_aCozby, Paul C., _eauthor. _937368 |
|
| 245 | 1 | 0 |
_aMethods in behavioral research / _cPaul C. Cozby, California State University, Fullerton, Scott C. Bates, Utah State University. |
| 250 | _aFifteenth edition. | ||
| 264 | 1 |
_aNew York, NY : _bMcGraw Hill, _c[2024] |
|
| 264 | 4 | _cc2024 | |
| 300 |
_axv, 416 pages : _billustrations ; _c24 cm |
||
| 336 |
_2rdacontent _atext _btxt |
||
| 337 |
_2rdamedia _aunmediated _bn |
||
| 338 |
_2rdacarrier _avolume _bnc |
||
| 500 | _aIncludes glossary. | ||
| 500 | _aIncludes appendix. | ||
| 504 | _aIncludes bibliographical references and index. | ||
| 650 | 7 |
_aPsychology _xResearch _xMethodology. _2BUEsh _9837 |
|
| 650 | 7 |
_aSocial sciences _xResearch _xMethodology. _2BUEsh _920647 |
|
| 653 |
_bHHUUPPSS _cMarch2024 |
||
| 655 | _vReading book | ||
| 700 | 1 |
_aBates, Scott, _d1969- _eauthor. _937369 |
|
| 942 |
_2ddc _cBB |
||
| 999 |
_c30688 _d30659 |
||